Statistiques concernant Ordres d'Insectes

Cliquez ici pour prendre le quiz!

Statistiques générales

  • Ce quiz a été pris 61 fois
  • Le résultat moyen est 7 sur 28

Statistiques - réponses

Réponse% Correct
Coléoptères
85%
Lépidoptères
74%
Hyménoptères
68%
Diptères
65%
Odonates
50%
Orthoptères
50%
Hémiptères
41%
Dermaptères
29%
Mantoptères
26%
Blattoptères
24%
Phasmoptères
21%
Névroptères
18%
Éphéméroptères
15%
Plécoptères
15%
Thysanoptères
12%
Embioptères
9%
Raphidioptères
9%
Trichoptères
9%
Archéognathes
6%
Mécoptères
6%
Mégaloptères
6%
Phthiraptères
6%
Siphonaptères
6%
Zoraptères
6%
Zygentomes
6%
Notoptères
3%
Psocoptères
3%
Strepsiptères
3%

Distribution des résultats

Percentile par nombre de réponses

% des personnes avec chaque résultat

Votre développement - résultats

Vous n’avez pas pris ce quiz